|
|
|
|
| LEADER |
00000nam a2200000 i 4500 |
| 001 |
DIGUAZUAY0137 |
| 003 |
NyNyDIG |
| 007 |
cr ||||||||||| |
| 008 |
251204s2022 ec o 000 0 spa d |
| 006 |
m o d |
| 035 |
|
|
|a (OCoLC)1420744442
|
| 040 |
|
|
|a DGITA
|b eng
|e rda
|e pn
|c DGITA
|
| 020 |
|
|
|a 9789942847294
|q eBook
|
| 020 |
|
|
|z 9789942847287
|
| 043 |
|
|
|a s-ec---
|
| 050 |
1 |
4 |
|a JL3081 ebook
|
| 100 |
1 |
|
|a Ugalde Vasquez, Andres F.,
|e author.
|
| 245 |
1 |
0 |
|a Lo que queda por decir... :
|b compendio de artículos /
|c Andrés F. Ugalde Vázquez.
|
| 264 |
|
1 |
|a Cuenca, Ecuador :
|b Universidad del Azuay, Casa Editora,
|c [2022]
|
| 300 |
|
|
|a 1 online resource.
|
| 336 |
|
|
|a text
|b txt
|2 rdacontent
|
| 337 |
|
|
|a computer
|b c
|2 rdamedia
|
| 338 |
|
|
|a online resource
|b cr
|2 rdacarrier
|
| 347 |
|
|
|a text file
|2 rdaft
|
| 347 |
|
|
|b PDF
|
| 588 |
0 |
|
|a Online resource; title from PDF title page (Digitalia, viewed December 4, 2025)
|
| 651 |
|
0 |
|a Ecuador
|x Politics and government
|y 21st century.
|
| 651 |
|
0 |
|a Ecuador
|x Social conditions
|y 21st century.
|
| 650 |
|
0 |
|a World politics.
|
| 791 |
2 |
|
|a Digitalia (Firm),
|e distributor.
|
| 793 |
0 |
|
|g Digitalia eBook Collection:
|a Universidad del Azuay
|
| 776 |
0 |
8 |
|i Print version:
|a Ugalde Vasquez, Andres F.
|t Lo que queda por decir.
|d Cuenca, Ecuador : Universidad del Azuay, Casa Editora, [2022]
|z 9789942847287
|
| 856 |
4 |
0 |
|3 Digitalia Hispánica
|u https://www.digitaliapublishing.com/a/133522/
|
| 910 |
|
|
|a Premium collection: 2025
|